000 00672nam a2200205Ia 4500
008 150520s9999 xx 000 0 und d
050 _aHF 5415.335
050 _b.P649 2015
100 _aPineda, Maverick Arthur D.
245 _aCustomer satisfaction of selected BSBA students of the college food services of southville international school and colleges /
245 _cMaverick Arthur D. Pineda.
260 _aLas Piñas, Philippines :
260 _bSISC,
260 _c2015.
300 _a53 pages :
300 _billustrations ;
300 _c28 cm.
500 _aIncludes bibliographical references and appendices.
650 _aConsumer satisfaction.
999 _c284069
_d284069